000 00287pam a2200121 a 4500
020 _c
041 _h
082 _a708
_bKHA
245 _aIndian Art Inventing / Inventing
_hTextual Documents
260 _a[s.l]:
_bVadhera Art Gallery,
_c2007.
300 _a151:
_bpaper.
930 _a7088
999 _c240878
_d240878